[Event "SVK-chT1E 1920"]
[Site "Slovakia"]
[Date "2020.06.20"]
[Round "10.8"]
[White "Cuker, Oliver"]
[Black "Bielik, Jakub"]
[Result "0-1"]
[WhiteElo "1632"]
[BlackElo "1954"]
[PlyCount "62"]
[EventDate "2019.10.12"]
[EventType "team-tourn"]
[EventRounds "11"]
[EventCountry "SVK"]
[SourceTitle "EXT 2022"]
[Source "ChessBase"]
[SourceDate "2021.10.06"]
[SourceVersion "1"]
[SourceVersionDate "2021.10.06"]
[SourceQuality "1"]
[WhiteTeam "Sabinov"]
[BlackTeam "Dunajov Inbest II"]
[WhiteTeamCountry "SVK"]
[BlackTeamCountry "SVK"]

1. d4 e6 2. Nc3 d5 3. e4 Nf6 4. Be3 dxe4 5. f3 exf3 6. Nxf3 Be7 7. Bd3 Nc6 8. 0-0 0-0 9. Ne4 Nb4 10. Nxf6+ Bxf6 11. Be4 Nd5 12. Bd2 c5 13. Ne5 Bxe5 14. dxe5 f5 15. exf6 Nxf6 16. Bd3 Bd7 17. Qe2 Qe7 18. Rf3 Rac8 19. Bg5 c4 20. Be4 Qc5+ 21. Be3 Qe5 22. Bxh7+ Nxh7 23. c3 Rxf3 24. Qxf3 Rf8 25. Qh3 Ng5 26. Bxg5 Qxg5 27. Re1 Qc5+ 28. Kh1 Qf2 29. Rg1 Qe2 30. Qh4 Bc6 31. h3 Bd5 0-1

[Event "SVK-chT2B 1920"]
[Site "Slovakia"]
[Date "2020.03.07"]
[Round "10.3"]
[White "Kalisky, Vladimir"]
[Black "Bielik, Jakub"]
[Result "1-0"]
[WhiteElo "2134"]
[BlackElo "1953"]
[PlyCount "103"]
[EventDate "2019.10.26"]
[EventType "team-tourn"]
[EventRounds "11"]
[EventCountry "SVK"]
[SourceTitle "CBM 195 Extra"]
[Source "ChessBase"]
[SourceDate "2020.05.31"]
[SourceVersion "1"]
[SourceVersionDate "2020.05.31"]
[SourceQuality "1"]
[WhiteTeam "Tlmace"]
[BlackTeam "Povazske Podhradie"]
[WhiteTeamCountry "SVK"]
[BlackTeamCountry "SVK"]

1. d4 d5 2. Nf3 e6 3. Bf4 Nf6 4. e3 Bd6 5. c3 0-0 6. Bd3 b6 7. Nbd2 Ba6 8. Bxa6 Nxa6 9. Qe2 Nb8 10. Ne5 Bxe5 11. Bxe5 c5 12. 0-0 Nc6 13. Bg3 Re8 14. Qb5 Qd7 15. dxc5 bxc5 16. Qxc5 e5 17. Rfd1 Rab8 18. b3 Rbc8 19. Qb5 Qf5 20. Rac1 Red8 21. Nf3 h6 22. c4 Qe6 23. cxd5 Nxd5 24. Rxc6 Qxc6 25. Qxc6 Rxc6 26. e4 Rcd6 27. Bxe5 R6d7 28. exd5 Rxd5 29. Rxd5 Rxd5 30. Kf1 g6 31. Ke2 Kf8 32. Bd4 a6 33. Kd3 Ke8 34. Kc4 Rb5 35. a4 Rb7 36. Bc5 Kd7 37. Nd4 Rb8 38. b4 Kc7 39. a5 Re8 40. b5 Kb7 41. bxa6+ Kxa6 42. Bb6 Re1 43. Nb3 Re4+ 44. Kd5 Re1 45. Kc6 Re6+ 46. Kd7 Re1 47. h4 Re2 48. g3 Re1 49. Be3 f5 50. Nc5+ Kb5 51. a6 f4 52. gxf4 1-0